[Event "Corus Wijk aan Zee"]
[Site " Wijk aan Zee"]
[Date "2007.01.16"]
[Round "4"]
[White "GM van Wely, Loek (NED)"]
[Black "GM Karjakin, Sergey (UKR)"]
[Result "1/2-1/2"]
[WhiteElo "2683"]
[BlackElo "2678"]
[Annotator "Ðîìàí Äîáðîíîâñêèé "]
[PlyCount "73"]
[EventDate "2007.01.??"]
[EventType "tourn"]
[EventCountry "NED"]
[EventCategory "19"]
[Source "CrestBook.com"]

1. d4 Nf6 2. c4 e6 3. Nc3 Bb4 4. Nf3 c5 5. g3 {Ñèñòåìà Ðîìàíèøèíà. Ïèê
ïîïóëÿðíîñòè îíà ïåðåæèëà â êîíöå 80-õ ãîäîâ, êîãäà å, ïðèìåíÿëè ñ õîðîøèìè
ðåçóëüòàòàìè íà ñàìîì âûñîêîì óðîâíå, äàæå òàêèå áîéöû êàê Êàñïàðîâ è Êàðïîâ.
Â íàøè äíè å, èãðàþò â îñíîâíîì ôàíàòû, ëþáèòåëè ôèàíêåòòèðîâàòü ñëîíîâ çà
îáà öâåòà. Çà ïåðåâåñ â îáû÷íîì ñìûñëå áîðîòüñÿ òðóäíî, íî ïîçèöèè
ïîëó÷àþòñÿ ñëîæíûå, áîåâûå.} cxd4 6. Nxd4 O-O 7. Bg2 d5 8. cxd5 Nxd5 9. Qb3
Nc6 {Ãëàâíîå ïðîäîëæåíèå íà äàííûé øàõìàòíî-èñòîðè÷åñêèé ìîìåíò.} 10. Nxc6
bxc6 11. O-O Qa5 12. Bd2 Bxc3 {Ýòîò õîä âûíóæäåí ââèäó óãðîçû 13. Nxd5!} ({
Íåëèøíå ïðåäóïðåäèòü íîâè÷êîâ îá îøèáî÷íîñòè «åñòåñòâåííîãî»} 12... Rb8 $4
13. Nxd5 cxd5 14. a3 Bxd2 15. Qxb8) 13. bxc3 {Âîçíèêëà òèïè÷íàÿ äëÿ âàðèàíòà
ñèòóàöèÿ: ó áåëûõ ïðåèìóùåñòâî äâóõ ñëîíîâ, à ó ÷¸ðíûõ - õîðîøàÿ ôèãóðíàÿ
èãðà. ×üè êîçûðè âåñîìåå - ñêàçàòü íåâîçìîæíî, òåì áîëåå ÷òî äîìàøíèé àíàëèç
ïðîäîëæàåòñÿ...} Ba6 14. Rfd1 Qc5 15. e4 Bc4 16. Qa4 Nb6 17. Qb4 Qh5 $1 {
Ñîðåâíîâàíèå íà ëó÷øóþ ïàìÿòü ïîäõîäèò ê êîíöó è êîìó-òî èç ïðîòèâíèêîâ
ïðèäåòñÿ ïîêàçàòü çàòàèâøåé äûõàíèå ïóáëèêå ïëîäû äîìàøíåãî àíàëèçà.} ({
Ðàçìåí ôåðçåé -} 17... Qxb4 {íå òàê ïëîõ, êàê ìîæåò ïîêàçàòüñÿ íà ïåðâûé
âçãëÿä, íî áîëüøå íè÷üåé ó ÷åðíûõ íå áóäåò, äà è òó ïðèä,òñÿ äîáûâàòü â
ñóðîâîé áîðüáå.}) 18. Bf4 ({
Â èçâåñòíîé ïàðòèè äâóõ øàõìàòíûõ ìåãàìîíñòðîâ ïðîâåðÿëîñü} 18. Be3 $5 Be2 19.
Rd2 Rab8 20. Bxb6 axb6 21. Qd6 Bf3 22. Qxc6 Bxg2 23. Kxg2 Qe5 24. Qc4 Rfc8 25.
Qd4 Qa5 26. Rb1 h6 27. Rb4 Qc5 28. Rd3 Qc7 29. a4 Rd8 30. Qe3 Rxd3 31. Qxd3 Rc8
32. Qb1 Qxc3 33. Rxb6 Rc4 34. Rb8+ Kh7 35. Rb7 f6 36. Re7 Rb4 37. Qa2 Qc4 38.
Qxc4 Rxc4 39. a5 Ra4 40. Rxe6 Rxa5 41. Rd6 Ra4 42. Kf3 Ra3+ 43. Ke2 h5 44. Rd3
Ra2+ 45. Ke3 Kg6 46. h3 Ra4 47. f4 Rb4 {
Kasparov,G-Anand,V/Wijk aan Zee 2000 1/2-1/2}) 18... c5 $146 {
Åñëè âåðèòü ìîåé áàçå - íîâèíêà, è, ïîõîæå, íåïëîõàÿ.} ({
Ëîãè÷íî âûãëÿäèò è âñòðå÷àâøååñÿ ðàíåå} 18... e5 $5) ({
íî áîëüøå âñåãî ìíå íðàâèòñÿ} 18... Be2 $5) 19. Qa5 {Áåëûé ôåðçü óõîäèò
êóäà-òî «íàëåâî» è äîëãî ïîòîì áóäåò ïåðåáèðàòüñÿ îãîðîäàìè íàçàä. Îäíàêî è
ïðè äðóãèõ ïðîäîëæåíèÿõ ÷¸ðíûì íè÷åãî íå ãðîçèò: ìîæíî, ñêàæåì, ïåðåâåñòè
ñëîíà ñ ñ4 ÷åðåç å2 íà f3.} ({
Îäíàêî íîâèíêà áûëà ïðèìåíåíû òîëüêî íà ýòîì õîäó. Áûëà òàêàÿ ïàðòèÿ:} 19. Qb2
{è òåïåðü ñèëüíåå âñåãî áûëî} Rfd8 ({Ftacnik;} 19... e5 {
1-0 Bacrot,E (2715)-Grischuk,A (2710)/Poikovsky 2005/CBM 106/[Gavrikov] (61)})
20. f3 Bd3 21. Bc7 Rd7 22. Bxb6 axb6 23. Qxb6 Qe5 24. Rdc1 Rb8 25. f4 Rxb6 26.
fxe5 c4 $11 {(Ãàâðèêîâ) - vasa}) 19... Rfc8 {
Ñûãðàíî ïëîòíî, õîòÿ è áûëî ñîâñåì íå îáÿçàòåëüíî.} ({Çàñëóæèâàëî âíèìàíèÿ} 
19... Be2 $5) 20. h3 f6 $1 {Íåîáõîäèìûé ïîäãîòîâèòåëüíûé õîä.} (20... e5 $4 21.
g4 {ïðîñòî ïðîèãðûâàåò ïåøêó.}) 21. Be3 ({Ïðèíöèïèàëüíî âûãëÿäèò} 21. e5 $5
fxe5 22. g4 ({
êåïåðü êðàéíå ïîäîçðèòåëüíî è âäîáàâîê äàæå íå âûèãðûâàåò êà÷åñòâà} 22. Bxa8
$6 Rxa8 23. Qxc5 Bd5 24. Rxd5 exd5 25. Be3 Qxh3) 22... Qf7 23. Bxa8 exf4 (23...
Qxf4 24. Bg2 Nd5) 24. Bf3 {Âûèãðûøà ÷¸ðíûõ ÿ íèãäå íå íàø,ë, íî áðàòü òàêîé
ìàòåðèàë - ïî-ìîåìó, äóðíîé òîí. Íàïðèìåð,} Bd5 25. Bxd5 exd5 26. Rab1 h5 27.
Qa6 Rf8 28. f3 Qe7 {
- êà÷åñòâî ñîâåðøåííî íå ÷óâñòâóåòñÿ, à èãðàþò, ïî ñóòè, òîëüêî ÷¸ðíûå.})
21... e5 $1 {Îòêðûâàÿ ñâîåìó ñëîíó äîðîãó íà å6 è çàáèâàÿ õîáîò âðàæåñêîìó.
Ïåøêè íå â ñ÷,ò!} ({Íî, â ïðèíöèïå, æåðòâîâàòü ÷¸ðíûå áûëè ñîâñåì íå îáÿçàíû;
â ôîðñèðîâàííîì âàðèàíòå} 21... Be2 22. Re1 Nc4 23. Qa6 Nxe3 24. Rxe2 Nxg2 25.
Qxe6+ Kh8 26. Qg4 $1 Qe5 27. Kxg2 Qxc3 {
ó íèõ ÷óòü ïîõóæå, íî íè÷åãî ðåàëüíîãî ó áåëûõ íåò.}) 22. Bxc5 Be6 23. Bxb6
$1 ({Îòñòóïàòü áûëî ìàëîäóøíî (äà è ïîçäíî) -} 23. Kh2 $2 Nc4 {
È ÷òî òåïåðü? À)} 24. Qa6 (24. Qb5 a6 $1 25. Qb7 (25. Qb4 $4 {
Ïðîèãðûâàåò ôèãóðó ïîñëå} Rab8) {è çäåñü ïðîùå âñåãî} 25... Qf7 $1 (25... Rcb8)
26. Qxf7+ Kxf7 27. Be3 Nxe3 28. fxe3 Rxc3 {ñ áîëüøèì ïåðåâåñîì ó ÷åðíûõ.})
24... Qe8 25. Bb4 Rc6 26. Qb7 Rac8 {
, è ÷òîáû íå îñòàòüñÿ áåç ôåðçÿ, íàäî îòäàâàòü êà÷åñòâî ïîñðåäñòâîì} 27. Qb5
a6 28. Qa4 Nb2 {ñ õëèïêèìè øàíñàìè íà ñïàñåíèå.}) 23... axb6 24. Qxb6 Bxh3 25.
Bxh3 Qxh3 {Èòàê, ïîçèöèÿ íåñêîëüêî ïðîÿñíèëàñü: áåëûå âûèãðàëè ïåøêó, íî
îòíþäü íå äàðîì - ñåðü¸çíî îñëàáëåíî ïåøå÷íîå ïðèêðûòèå êîðîëÿ, ïåøêè ñëàáû,
âñå ôèãóðû ïðîòèâíèêà âåñüìà àêòèâíû. Êàê îöåíèòü øàíñû ñòîðîí? Â ïîäîáíûõ
ïîçèöèÿõ äåéñòâóåò îäíî ïðàâèëî, êîòîðîå íà ïåðâûé âçãëÿä ìîæåò ïîêàçàòüñÿ
íåñêîëüêî àáñòðàêòíûì, íî êîòîðîå, êàê ïðàâèëî, ïîäòâåðæäàåòñÿ ïðàêòèêîé: 
«àòàêà íà êîðîëÿ â "òÿæåëîôèãóðíèêå" ïðè ôåðçÿõ èìååò áîëüøå øàíñîâ íà óñïåõ,
÷åì äâèæåíèå ïðîõîäíûõ». È â ñàìîì äåëå: òðóäíî ïðåäñòàâèòü, êàê ïëîõî
äîëæíû èãðàòü ÷¸ðíûå, ÷òîáû ïåøêè «à» è «ñ» ïðîøëè â ôåðçè! À âîò øàíñû
íà çàìàòîâàíèå áåëîãî âåëè÷åñòâà î÷åíü ïðèëè÷íûå. Òî åñòü äàííóþ ïîçèöèþ
ìîæíî îöåíèòü â ïîëüçó ÷åðíûõ.} 26. Qb7 $1 {Àêòèâèçèðóÿ ôåðçÿ.} h5 $1 {
Òèïîâîé ìåòîä àòàêè â ïîäîáíûõ ïîçèöèÿõ. Ïðîäâèãàÿ âïåðåä ïåøêó «h» ÷¸ðíûå
ñòðåìÿòñÿ îñëàáèòü è áåç òîãî õðóïêîå ïåøå÷íîå ïðèêðûòèå âîêðóã áåëîãî êîðîëÿ.
} 27. Rd3 Rab8 28. Qd5+ Kh7 29. a4 {Áåëûå ñïåøàò ïðîïèõíóòü ñâîþ ëèøíþþ
ïåøêó ïîäàëüøå, ÷òîáû íå îïîçäàòü â «áîðüáå ïëàíîâ».} Rb2 30. a5 ({
Ìîæíî áûëî ïîìåíÿòü ôåðçåé ïóò¸ì} 30. Qd7 $5 Qxd7 31. Rxd7 {
, íî ïîçèöèÿ, âîçíèêàþùàÿ ïîñëå} Rxc3 32. a5 Rcc2 33. a6 ({ïîñëå} 33. Rf1 Ra2
34. Ra7 Rc5 {
áåëûì ïðèøëîñü áû çàùèùàòü íè÷åéíûé, íî î÷åíü óíûëûé ýíäøïèëü áåç ïåøêè.})
33... Rxf2 {âðÿä ëè ìîæåò ïîíðàâèòüñÿ áåëûì!}) 30... h4 31. a6 {Äî îñóùåñòâëåíè
ÿ ñâîåé ìå÷òû ïðîõîäíîé îñòàëîñü ñäåëàòü âñåãî äâà ìàëåíüêèõ øàãà. Îò ÷¸ðíûõ
òðåáóåòñÿ íåêîòîðàÿ òî÷íîñòü.} Rcb8 $1 ({Ïðè íåìåäëåííîé æåðòâå ëàäüè -} 31...
Rxf2 $2 {÷åðíûõ æäàë íåïðèÿòíûé ñþðïðèç â êîíöå âàðèàíòà -} 32. Kxf2 Qh2+ 33.
Ke3 Qxg3+ 34. Kd2 Qf2+ 35. Kc1 Qe1+ 36. Kb2 Rb8+ 37. Qb7 $1 {
Î-ïà! «Æåðòâà» ôåðçÿ! Õîòÿ ïîñëå} Rxb7+ 38. axb7 Qxe4 39. b8=Q Qxd3 {
åù¸ ïðåäñòîÿëà êîé-êàêàÿ áîðüáà... âñ¸-òàêè ó ÷¸ðíûõ çà ëàäüþ åñòü òðè
ïðîõîäíûå ïåøêè.}) 32. Rad1 $1 {Îáà ñîïåðíèêà íà âûñîòå.} ({Çàðûâàòüñÿ íåëüçÿ -
} 32. a7 $2 Rb1+ 33. Rxb1 (33. Rd1 hxg3) 33... Rxb1+ 34. Rd1 hxg3 35. fxg3
Qxg3+ 36. Kf1 Rb2 37. Rd2 Qf3+ 38. Ke1 Rb1+ 39. Rd1 Qe3+ 40. Kf1 Rb2 41. Rd2
Rxd2 42. Qxd2 Qxd2 43. a8=Q Qxc3 {. È õîäîâ ýòàê ÷åðåç ïÿòüäåñÿò ÷¸ðíûå
äîêàæóò, ÷òî äâå ëèøíèå ïåøêè êîå-÷åãî ñòîÿò....}) {
À òåïåðü, íå ìóäðñòâóÿ ëóêàâî, Êàðÿêèí ôîðñèðóåò êðàñèâóþ íè÷üþ -} 32...
Rxf2 $1 33. Kxf2 Qh2+ ({Ê âå÷íîìó øàõó âåëî òàêæå} 33... Rb2+) ({è} 33...
hxg3+ {Â ïîñëåäíåì ñëó÷àå, ïðàâäà ïðèøëîñü áû ïîäíàïðÿ÷üñÿ:} 34. Rxg3 (34.
Ke2) 34... Rb2+ 35. Rd2 Qh2+ 36. Rg2 Qh4+ 37. Ke2 Qh5+ 38. Kd3 Qh3+ 39. Kc4
Qc8+ $1 {Ýòî òîæå íàçûâàåòñÿ «âå÷íûé øàõ»!}) 34. Kf3 Qxg3+ 35. Ke2 Qg2+ 36.
Ke1 Qg1+ 37. Ke2 {Îòëè÷íàÿ ïàðòèÿ.  Íàñòîÿùàÿ «ãðîññìåéñòåðñêàÿ» íè÷üÿ â
ëó÷øåì ñìûñëå ýòîãî ñëîâà!} 1/2-1/2

[Event "Corus Wijk aan Zee"]
[Site " Wijk aan Zee"]
[Date "2007.01.18"]
[Round "5"]
[White "GM Karjakin, Sergey (UKR)"]
[Black "GM Motylev, Alexander(RUS)"]
[Result "1/2-1/2"]
[WhiteElo "2678"]
[BlackElo "2647"]
[Annotator "Ìèõàèë Êðîéòîð"]
[PlyCount "41"]
[EventDate "2007.01.??"]
[EventType "tourn"]
[EventCountry "NED"]
[EventCategory "19"]
[Source "CrestBook.com"]

{Ñàìîñòîÿòåëüíàÿ ÷àñòü ïàðòèè ïðîõîäèëà ïîä ëîçóíãîì «Ìåíÿéñÿ èëè
ïðîèãðàåøü!»  Âñå ìåíÿëèñü, íèêòî íå ïðîèãðàë...} 1. e4 c6 2. d4 d5 3. e5 Bf5
4. Nf3 e6 5. Be2 Nd7 6. O-O Ne7 7. Nh4 Be4 {Ðåäêîå ïðîäîëæåíèå.} 8. Nd2 c5 9.
c3 Nc6 10. Nxe4 dxe4 11. g3 Qb6 $146 ({Ðàíåå ïðåäïî÷èòàëè} 11... cxd4) ({
Íà âûñøåì óðîâíå áûëà ñûãðàíà òàêàÿ ïàðòèÿ -} 11... Be7 12. Ng2 cxd4 13. cxd4
O-O 14. Be3 Nb6 15. Rc1 Nd5 16. Qc2 Qb6 17. Qxe4 Qxb2 18. Bd3 g6 19. Bc4 Rad8
20. Rc2 Qa3 21. Nf4 Qb4 22. Nd3 Qb5 23. Nc5 Bxc5 24. Rd1 Rd7 25. Qh4 Rfd8 26.
Bh6 Bf8 27. Bxd5 exd5 28. e6 fxe6 29. Rf1 Ne5 30. Kg2 Ng4 {
0-1 (Smirin,I (2615) - Anand,V (2795)/Villarrobledo 1998).}) 12. Be3 Rd8 ({
Çàðèòüñÿ íà ïåøêè çäåñü îïàñíî, ÷òî ñòàíîâèòñÿ ïîíÿòíûì èç âàðèàíòà:} 12...
Qxb2 13. Rb1 Qxc3 14. d5 exd5 15. Rxb7 Qxe5 16. Bf4 {
, è ó áåëûõ çà ïîæåðòâîâàííûé ìàòåðèàë îïàñíåéøàÿ èíèöèàòèâà.}) 13. Qa4 Be7 ({
À òåïåðü «ïåøêîåäñòâî» ìåíåå îïàñíî:} 13... Qxb2 14. Bb5 Qxc3 15. Rfc1 Qb4
16. Bxc6 bxc6 17. Qxc6 cxd4 18. Rab1 Qa5 19. Bxd4 {
, è ó áåëûõ áîëåå ñâîáîäíàÿ èãðà, ÷åãî äëÿ ïîáåäû, âïðî÷åì, íåäîñòàòî÷íî.})
14. Rab1 {Ñåð,æà òîæå ïîñ÷èòàë, ÷òî ïåøêà «äîðîæàåò». Òåïåðü èäóò
óïðîùàþùèå ïîçèöèþ ðàçìåíû.} Bxh4 15. gxh4 cxd4 16. cxd4 Qb4 17. Bb5 {
Ìíå äóìàåòñÿ, çðÿ Êàðÿêèí îòêàçàëñÿ ïðîâîäèòü ðàçìåí ñàì.} ({Ïîñëå} 17. Qxb4
Nxb4 18. f3 exf3 19. Bxf3 {ó áåëûõ ëó÷øàÿ ïîçèöèÿ çà ñ÷,ò äâóõ ñëîíîâ è
«ïî÷òè îòêðûòîé» ïîçèöèè. Óæ áîëüíî ãðîçíî ñìîòðÿò ñëîíû íà ôåðçåâûé ôëàíã..
.} {Âïðî÷åì, åñëè ïðîäîëæèòü íåìíîãî âàðèàíò:} Nb6 20. Rbc1 Rd7 {ñòàíîâèòñÿ
íî, ÷òî ÷¸ðíûå ïðèêðûëèñü, ìîãóò ïðèïðÿòàòü êîðîëÿ è âîäðóçèòü êîíÿ íà ïîëå
d5.}) 17... Qxa4 18. Bxa4 Nb6 19. Bc2 Nxd4 20. Bxe4 Nc4 21. Rbd1 {
, è ñòîðîíû ñîãëàñèëèñü ñ íè÷åéíûì èñõîäîì.} ({
Îíè ìîãëè è äàëüøå ìåíÿòü ôèãóðû, íå ñòåñíÿÿñü:} 21. Rbd1 Nxe3 22. fxe3 Nf5 23.
Rxd8+ Kxd8 24. Bxf5 exf5 25. e4 {
, íå ìåíÿÿ ðåçóëüòàòà. «Òàê çà÷åì èãðàòü áîëüøå?!»}) 1/2-1/2

[Event "Corus Wijk aan Zee"]
[Site " Wijk aan Zee"]
[Date "2007.01.18"]
[Round "5"]
[White "GM Shirov, , Alexei (ESP)"]
[Black "GM van Wely, Loek (NED)"]
[Result "0-1"]
[WhiteElo "2715"]
[BlackElo "2683"]
[Annotator "Âàñèëèé Ëåáåäåâ"]
[PlyCount "80"]
[EventDate "2007.01.??"]
[EventType "tourn"]
[EventCountry "NED"]
[EventCategory "19"]
[Source "CrestBook.com"]

1. e4 c5 2. Nf3 d6 3. d4 cxd4 4. Nxd4 Nf6 5. Nc3 a6 6. Be3 e5 7. Nb3 Be6 8. f3
Be7 9. Qd2 O-O {Íà ñòàðò...} 10. O-O-O {Âíèìàíèå...} Nbd7 {Ìàðø!} 11. g4 b5 {
Ïîáåæàëè...} 12. g5 b4 13. Ne2 Ne8 14. f4 a5 15. f5 a4 {Ýôôåêòû â òå÷åíèå
ñëåäóþùèõ 10 õîäîâ - âîâñå íå ãåíèàëüíûå ýêñïðîìòû, à äàâíî èçâåñòíàÿ òåîðèÿ.}
16. Nbd4 ({Äîñòàòî÷íî ïîïóëÿðíî è} 16. fxe6) 16... exd4 17. Nxd4 b3 18. Kb1
bxc2+ 19. Nxc2 Bb3 $1 20. axb3 axb3 21. Na3 Ne5 22. h4 Ra4 {
È ýòî - âñ¸ òåîðèÿ...} ({Åñòåñòâåííî, ëþáîé îáîçðåâàòåëü äîëæåí óïîìÿíóòü
ôååðè÷åñêóþ ïîáåäó Àíàíäà íàä Êàðÿêèíûì, îäåðæàííóþ â ïðîøëîì ãîäó íà ýòîì
æå ìåñòå çåìíîãî øàðèêà ïîñëå} 22... Ra5 23. Qc3 ({
Î÷åíü õîðîøèõ ðåçóëüòàòîâ (+3=2=0) äîáèëèñü â 2006 ãîäó áåëûå ïîñëå} 23. Qb4
$1 {...íî, âèäèìî, çà îáðàçåö íàäî ïðèíÿòü èìåííî ýòè äâå íè÷üè. Èáî â íèõ
èãðàëè ñåðü¸çíûå øàõìàòèñòû.} Qa8 24. Bb6 Ra4 25. Qxb3 Qxe4+ (25... Nd7 $5 {
? Zontakh,A (2553)- Goloshchapov,A (2556)/Sochi RUS 2006}) 26. Nc2 Ra8 27. Qd5
Qxd5 28. Rxd5 Rb8 29. Rb5 Bd8 30. Bxd8 Rxd8 31. Bg2 g6 32. f6 Nc7 33. Rb6 Rb8
34. Rxb8 Rxb8 35. Ka2 h6 36. gxh6 Ne8 37. b4 Nxf6 38. Kb3 Kh7 39. Nd4 Kxh6 40.
Nc6 Nxc6 41. Bxc6 Ng4 42. Rd1 {? Najer,E (2652) - Popov,V (2592)/Moscow RUS
2006. Íî êàê äåëà îáñòîÿò òóò íà ñàìîì äåëå, ñòàíåò ÿñíî ïîñëå ïàðòèè
êîãî-ëèáî èç ãèãàíòîâ.}) 23... Qa8 24. Bg2 Nc7 25. Qxc7 Rc8 26. Qxe7 Nc4 27. g6
({Íå çíàþ êòî (èëè ÷òî) èãðàë(è) â ñëåäóþùåé ïàðòèè, íî çàêîí÷èëîñü âñ¸
òîæå äîñòàòî÷íî áûñòðî} 27. Bc5 Rxa3 $3 28. bxa3 Rxc5 29. Qxd6 (29. a4 Na3+
30. Kb2 Rc2+ $1 31. Kxa3 Qb8 $3) 29... Nxa3+ 30. Kb2 Nc4+ {+, áåëûå îñòàëèñü
áåç ôåðçÿ è, êîíå÷íî, ïðîèãðàëè (LION++-DIEP/Turin ITA 2006).}) 27... hxg6 28.
fxg6 Nxa3+ 29. bxa3 Rxa3 30. gxf7+ Kh7 31. f8=N+ Rxf8 32. Qxf8 Ra1+ 33. Kb2
Ra2+ 34. Kc3 Qa5+ 35. Kd3 Qb5+ 36. Kd4 Ra4+ 37. Kc3 Qc4+ {
0-1 (Karjakin,S (2660)-Anand,V (2792)/Wijk aan Zee 2006).}) 23. Qg2 Qa8 24. f6
Bd8 25. Bd4 Nc7 {È òàê óæå èãðàëè.} 26. fxg7 $1 {Ïî-ìîåìó, ëó÷øèé õîä.} ({
Íà Îëèìïèàäå â Òóðèíå â ïàðòèè Al Modiahki,M (2575)-Ftacnik,L (2597) íà} 26.
Rh3 $6 Ne6 $1 {è ó áåëûõ óæå õóæå (0-1).}) ({ß äóìàþ, íåò ìíå êàæåòñÿ, ÷òî
çàñëóæèâàåò ïðàêòè÷åñêîé ïðîâåðêè óíè÷òîæåíèå öåíòðàëüíîãî çàùèòíèêà ÷¸ðíûõ:
} 26. Bxe5 $5 dxe5 27. Bc4 $5 Qc6 28. fxg7 Kxg7 29. Bxb3 Qxe4+ 30. Qxe4 Rxe4)
26... Kxg7 27. h5 $6 {Åñòü ïîäîçðåíèå, ÷òî: «Âîò îíà íåòî÷íîñòü»!} ({
Òåïåðü äî êîíöà ïàðòèè êîðîëåâñêèé ñëîí áåëûõ áóäåò âëà÷èò ïðåäåëüíî æàëêîå
ñóùåñòâîâàíèå Êàæåòñÿ, èìåííî ñåé÷àñ áûëà âîçìîæíîñòü âûâåñòè åãî â ëþäè. Òî
åñòü â ìàìîíòû!} 27. Bc4 $1 {Áåëûå ïðîñòî õîòÿò ñêóøàòü ïåøêó b3!} Rxc4 {
(ïîõîæå, ÷òî ýòî åäèíñòâåííûé øàíñ ÷¸ðíûõ)} 28. Nxc4 ({Ïëîõî} 28. Bxe5+ dxe5
29. Nxc4 Be7 $1 {è áåëûé êîðîëü ìîæåò è íå óáåæàòü ñ ôåðçåâîãî ôëàíãà}) 28...
Qa2+ 29. Kc1 Nb5 30. Bxe5+ (30. Nxe5 Ba5 31. Nc6+ Nxd4 32. Nxa5 Rc8+) 30...
dxe5 31. Kd2 $3 ({Íè ê ÷åìó íå âåäåò} 31. Qh2 Ba5 32. Qxe5+ Kg8 33. Nxa5 Qxa5
34. Rd5 Rc8+ 35. Rc5) 31... Ba5+ 32. Ke3 Bb6+ 33. Nxb6 Qa7 34. Kf3 Qxb6 35.
Rhf1 Nd4+ 36. Kg3 {Ó áåëûõ - ÷èñòîå êà÷åñòâî. Ó ÷¸ðíûõ - êðàñàâåö-êîíü â
öåíòðå. Íî ïðîñòèòå, òóò áîðüáà ñî âçàèìíûìè (ñêàæó òàê äëÿ ïîäñòðàõîâêè)
øàíñàìè!}) 27... Ne6 28. g6 ({
Ïëîõî îíî èëè õîðîøî, íî íàäî áûëî ïðîäîëæàòü òàê:} 28. Bxe5+ $1 dxe5 29. g6 {
óïîâàÿ íà îãðàíè÷åííîñòü îñòàâøåãîñÿ íà äîñêå ìàòåðèàëà.} Bg5 $1 (29... Qxe4+
$6 30. Qxe4 Rxe4 31. h6+ Kg8 32. gxf7+ Kxf7 33. Bd3 Rf4 34. Bxh7) 30. gxf7 Rxf7
31. Bb5 (31. Rd6 $2 Rc7 $1 32. h6+ Kh8 33. Rd1 Rc2 34. Qf3 Rxa3 $3) 31... Qxe4+
32. Qxe4 Rxe4 33. Bc4 Rf6 34. Bxb3 {íî è çäåñü ó ÷¸ðíûõ ïåðåâåñ çà ñ÷,ò
íàëè÷èÿ ó ñîïåðíèêà êëàññè÷åñêîãî êîíÿ Òàððàøà.}) 28... Rxd4 {
×¸ðíûå ïðîñòî áåðóò âñ¸ ÷òî äàþò} 29. Rxd4 Nxd4 30. h6+ ({Èëè} 30. gxh7+
Kxh7 31. Rg1 Bg5 $1) 30... Kf6 31. g7 Rg8 32. Qf2+ ({
Ïðè òîì ñîîòíîøåíèè âðåìåíè (ëèøíèé ÷àñ ó Ëþêà) ñòàâèòü «ëîâóøêó» òèïà} 32.
Bc4 $5 Nxc4 $4 (32... Ke7 $1) 33. e5+ {âèäèìî, áåññìûñëåííî.}) 32... Ndf3 33.
Bg2 Qxe4+ 34. Ka1 Ke6 35. Rf1 Bg5 $1 {×¸ðíûå îòäàþò «íåíóæíóþ» èì ôèãóð
îáðàòíî è íàáèðàþò îáîèìè ãîðñòÿìè ëèøíèå ïåøêè.} 36. Bxf3 Qxf3 37. Qxf3 Nxf3
38. Rxf3 Bxh6 39. Rxb3 Rxg7 40. Rh3 Bf4 {
Àòàê,ðû âñåãî ìèðà â ïå÷àëè. Àëåêñåé Øèðîâ ïðîèãðàë...} 0-1

[Event "Corus Wijk aan Zee"]
[Site " Wijk aan Zee"]
[Date "2007.01.18"]
[Round "5"]
[White "GM Tiviakov, Sergey (NED)"]
[Black "GM Topalov, Veselin (BUL)"]
[Result "1/2-1/2"]
[WhiteElo "2667"]
[BlackElo "2783"]
[Annotator "Ðîìàí Âèëÿâèí "]
[PlyCount "101"]
[EventDate "2007.01.??"]
[EventType "tourn"]
[EventCountry "NED"]
[EventCategory "19"]
[Source "CrestBook.com"]

1. e4 e5 2. Nf3 Nc6 3. Bb5 Nf6 4. d3 {
Ñòàðèííîå âîçðàæåíèå íà 3...Nf6, òàê ëþáèë èãðàòü åù¸ ñàì Àíäåðñåí!} Bc5 ({
Íå ìîãó óäåðæàòüñÿ îò ñîáëàçíà è íå ïðèâåñòè îäíó èç åãî âîëøåáíûõ ïàðòèé:} 
4... d6 5. Bxc6+ bxc6 6. h3 Be7 7. Nc3 O-O 8. O-O Ne8 9. d4 exd4 10. Nxd4 Bb7
11. Be3 d5 12. Nf5 Bf6 13. Bc5 Nd6 14. Re1 Re8 15. Qg4 Nxf5 16. exf5 Qd7 17.
Qf3 a5 18. Ne2 a4 19. c3 Ra5 20. Bd4 Qd6 21. Ng3 Be5 22. f6 Qxf6 23. Qh5 g5 24.
Qe2 Qh8 25. Bxe5 f6 26. Qh5 Rxe5 27. Rxe5 fxe5 28. Qe8+ Kg7 29. Nf5+ {
1-0 Anderssen,A-Paulsen,L/London 1862).}) 5. Bxc6 ({Ïðîäîëæèì èçó÷åíèå
äåáþòíîé òåîðèè ïî ïàðòèÿì Àíäåðñåíà. Âñå âàðèàíòû, òàê ñêàçàòü, ïî
ñîñòîÿíèþ íà âòîðóþ ïîëîâèíó XIX âåêà :)} 5. c3 O-O 6. O-O d5 7. Bxc6 bxc6 8.
Nxe5 dxe4 9. d4 Bb6 10. f4 c5 11. dxc5 Bxc5+ 12. Kh1 Bb7 13. c4 Re8 14. a3 e3
15. Qe2 Qd4 16. Nc3 Rad8 17. Nb5 Qe4 18. b4 Nh5 19. bxc5 Nxf4 20. Rxf4 Rd1+ 21.
Rf1 Qxg2+ 22. Qxg2 Rxf1# {
Mayet,C-Anderssen,A/Berlin 1862. Âîñõèòèëèñü? Äâèãàåìñÿ äàëüøå, ýòî åù¸ íå âñ¸!
}) 5... dxc6 6. Be3 ({Ïàðòèé èç òâîð÷åñòâà íåìåöêîãî ìàýñòðî â áàçå íå
îñòàëîñü, îäíàêî åñòü äðóãèå, íå ìåíåå ôàíòàñòè÷åñêèå òâîðåíèÿ. Èãðàëè æå
ëþäè!} 6. Bg5 O-O 7. Nbd2 Re8 8. Qe2 b5 9. h3 Bb6 10. g4 a5 11. c3 Qd6 12.
Bxf6 Qxf6 13. Nf1 Ba6 14. Ng3 g6 15. O-O-O c5 16. Kb1 a4 17. g5 Qe7 18. h4 a3
19. h5 {Ïðåêðàñíûé ïëàöäàðì äëÿ íàñòîÿùåãî ïðîèçâåäåíèÿ øàõìàòíîãî èñêóññòâà,
íå òàê ëè?} axb2 20. Rh4 Qe6 21. Rdh1 Re7 22. Nd2 Bc8 23. c4 c6 24. hxg6 fxg6
25. f4 exf4 26. Rxf4 Qd6 27. e5 Qc7 28. Nde4 Be6 29. Nf6+ Kh8 30. Qxb2 bxc4 31.
Rfh4 Rb8 32. Nxh7 Kg7 33. Nf6 Bg8 34. Ne8+ {è ïîñëå íåêîòîðûõ ïðèêëþ÷åíèé
áåëûå ïîáåäèëè (Winawer,S-Mortimer,J/London 1883).}) ({
À âîò êàê ïðîäîëæàëàñü ïàðòèÿ ãåðîåâ íàøåãî âðåìåíè:} 6. Qe2 Bg4 7. Nbd2 Nd7 8.
h3 Bxf3 9. Nxf3 Qe7 10. c3 O-O 11. O-O Rfe8 12. Re1 Rad8 13. Bd2 Nf8 14. Rad1
Bb6 {ñ îòëè÷íîé ïîçèöèåé ó ÷¸ðíûõ: (Radjabov,T (2700) - Topalov,V (2801)/
Morelia-Linares 2006/).}) 6... Qe7 7. Bxc5 Qxc5 8. Nc3 O-O $146 ({
Ðàâåíñòâî íà äîñêå è â âàðèàíòå} 8... Bg4 9. h3 Bxf3 10. Qxf3 O-O 11. O-O {
(Kobalia,M (2634)- Sargissian,G (2602)/Moscow 2005).}) 9. Qd2 a5 {Ðîêèðîâàòü â
äëèííóþ ñòîðîíó òåïåðü åù¸ ìåíåå ïðèÿòíî - áåëûå áóäóò ñðàçó îòñòàâàòü íà
ïàðó òåìïîâ.} 10. O-O Qe7 {Ñõîäó ìíå íå óäàëîñü ðàñøèôðîâàòü çàìûñåë ÷¸ðíûõ.
Íî ïîòîì, ïîñêðèïåâ èçâèëèíàìè, ÿ ïîíÿë, ÷òî ýòî áûëà òîíêàÿ ïðîôèëàêòèêà
ïðîòèâ ïðîäâèæåíèÿ d3-d4. Ïîïóòíî Âåñåëèí íàìå÷àåò ñëåäóþùèé ïëàí: b6, Ba6,
Rad8 è äàëåå ïðîäâèæåíèå ñ6-ñ5-ñ4. Ïðÿìîëèíåéíîå îñóùåñòâëåíèå óïîìÿíóòîé âûøå
ïåðåãðóïïèðîâêè âåëî ê õóäøåìó îêîí÷àíèþ.} ({Ê ïðèìåðó} 10... b6 $6 11. d4
exd4 12. Qxd4 Qxd4 13. Nxd4 {Êàê ìû âèäèì ìå÷òà áåëûõ - èñïàíñêèé ýíäøïèëü èç
ðàçìåííîãî âàðèàíòà - îñóùåñòâèëàñü.}) 11. Qg5 Re8 12. a4 {
Áåëûå ñîîðóæàþò íà ôåðçåâîì ôëàíãå êèòàéñêóþ ñòåíó.} ({Ïîñìîòðèì êàêèå åù¸
åñòü âîçìîæíîñòè. Âîäðóçèòü êîíÿ íà àêòèâíóþ ïîçèöèþ íå ïîëó÷àåòñÿ:} 12. Nh4
$6 h6) ({Îäíàêî, â ðàñïîðÿæåíèè áåëûõ áûëî îáîþäîîñòðîå ïðîäîëæåíèå} 12. d4 $5
exd4 13. Nxd4 h6 ({íå ñîâñåì óäà÷íî} 13... Nxe4 $6 14. Qxe7 Rxe7 15. Rae1 f5
16. f3 Rd7 17. fxe4 Rxd4 18. exf5 {ñ èíèöèàòèâîé ó áåëûõ}) 14. Qf4 {è íà} Qb4 {
åñòü ëþáîïûòíàÿ æåðòâà ïåøêè:} 15. Rad1 Qxb2 16. Rd3 {, ñ õîðîøèìè øàíñàìè íà
àòàêó. Æàëü, ÷òî Ñåðãåé Òèâÿêîâ ýòîò òóðíèð ïðîâîäèò îò îáîðîíû...}) 12... h6
13. Qe3 b6 14. b3 Bg4 15. Nd2 Be6 {Åäèíñòâåííûé òîâàðèù¸ êîòîðûé íèêàê íå
ìîæåò òðóäîóñòðîèòüñÿ â óñëîâèÿõ äèêîãî êàïèòàëèçìà - áåëîïîëüíûé ñëîí.} 16. h3
{Ïðîäîëæàÿ ñòðàòåãèþ òîòàëüíîãî îãðàíè÷åíèÿ.} Nh5 {À Âåñåëèí íà÷èíàåò
ðàñøàòûâàòü ïîçèöèþ áåëûõ íà êîðîëåâñêîì ôëàíãå - ýòî åãî åäèíñòâåííûé øàíñ,
ñëèøêîì óæ êðåïêî ñòîÿò áåëûå íà ïðîòèâîïîëîæíîì ó÷àñòêå äîñêè.} 17. Ne2 Qf6
18. f4 $1 {Ñåðãåé òîíêî ÷óâñòâóåò îïàñíîñòü è íà÷èíàåò îïåðàöèþ ïîä êîäîâûì
íàçâàíèåì «ÑÎÑÊÎÊ».} ({Âðÿä ëè ëó÷øå} 18. Nc4 Nf4) 18... exf4 19. Nxf4 Nxf4
20. Qxf4 Qc3 $1 {«Ðàçìåí Âàì áóäåò òîëüêî ñíèòñÿ...»} 21. Ra2 {
Òóïî, íî êðåïêî!} Re7 22. Nf3 Rd8 23. Qd2 Qc5+ 24. Qf2 Qxf2+ {
Ìíå êàæåòñÿ, ÷òî ìîæíî áûëî åù¸ ïîèãðàòü ñ ôåðçÿìè} 25. Kxf2 f5 26. exf5 Bxf5
27. Raa1 {Èãðà âûðîâíÿëàñü.} Rde8 28. Rae1 c5 29. Rxe7 Rxe7 30. Nd2 ({
Âèäèìî, âîçìîæíî áûëî è} 30. Re1 Kf7 31. Rxe7+ Kxe7 32. Ke3 {
, áëàãî èãðû íà äâóõ ôëàíãàõ íå íàìå÷àåòñÿ.}) 30... Kf7 31. Nc4 Bc8 32. Ne3
Ke8 33. h4 Bb7 34. g3 Re6 35. Ke2 Rg6 36. g4 Ke7 37. Nf5+ Ke6 38. Rf4 Ke5 39.
Ke3 Rf6 40. h5 {Ïîñëåäíèå 10 õîäîâ íè÷åãî ñóùåñòâåííîãî â îöåíêó ïîçèöèè íå
ïðèâíåñëè. À êîíòðîëü - ïðîéäåí...} Rf7 41. Nh4 Rxf4 42. Ng6+ Ke6 43. Kxf4 Bc6
({Îõîòà çà ïåøêîé ñ2 ìîæåò çàêîí÷èòüñÿ ïëà÷åâíî:} 43... Bg2 44. Nh4 Bf1 45.
Nf5 Kf6 46. Kf3 {è äàëåå Ne3 c ëîâëåé íåçàäà÷ëèâîãî îõîòíèêà.}) 44. Nh4 Kf6
45. Nf5 Be8 46. Ng3 g5+ 47. hxg6 Bxg6 48. Ne4+ Ke6 49. Nc3 Be8 50. Ne4 Bg6 51.
Nc3 1/2-1/2